Chargement en cours...
The China passage /
| Auteur principal: | |
|---|---|
| Publié: |
Paragon House,
|
| LEADER | 00250 a2200085 4500 | ||
|---|---|---|---|
| 100 | |a Galbraith, John Kenneth | ||
| 245 | |a The China passage / | ||
| 260 | |b Paragon House, | ||
| 999 | |c 29384 |d 29384 | ||
| 952 | |0 0 |1 0 |2 ddc |4 0 |7 -1 |9 40384 |a MAIN |b MAIN |d 2020-10-05 |r 2020-10-05 |w 2020-10-05 | ||